000 00526nmm a2200193Ia 4500
008 251105s9999||||xx |||||||||||||||||und||
020 _a9788490108246
041 _aspa
100 _aShalvis, Jill
245 0 _aJuegos de adultos/Irresistiblemente sexy
264 _a[Madrid, España] :
_bHarlequin,
_c2012
300 _a448 páginas
490 _aPasión
650 _aErotic novel
700 _aShalvis, Jill
700 1 _a Green, Crystal
856 _uhttps://public.digitaliapublishing.com/a/50138
942 _cCF
999 _c71349
_d71349